Normal view
MARC view
- المسيحيون- الاردن- السلط
Entry Topical Term
001 - CONTROL NUMBER
- control field: 47989
003 - CONTROL NUMBER IDENTIFIER
- control field: JO-AjAnu
005 - DATE AND TIME OF LATEST TRANSACTION
- control field: 20230606081922.0
008 - FIXED-LENGTH DATA ELEMENTS
- fixed length control field: 230606|| aca||aabn | a|a d
040 ## - CATALOGING SOURCE
- Original cataloging agency: JO-AjAnu
- Transcribing agency: JO-AjAnu
150 ## - HEADING--TOPICAL TERM
- Topical term or geographic name entry element: المسيحيون- الاردن- السلط
670 ## - SOURCE DATA FOUND
- Source citation: Work cat.: (JO-AjAnu)24554: خريسات، محمد عبد القادر, author 47988, المسيحيون في قضاء السلط ( السلط - الفحيص - الرميمين)، ج2